Equator Wager - Sudden Death - Statistics

General Stats
  • This quiz has been taken 485 times
    466 since last reset
  • The average score is 3 of 15
Answers on the Grid
Answers color-coded by a green-red scale on the quiz's grid according to % correct below.
China
United States
Argentina
Mexico
Myanmar
Thailand
Tanzania
Uganda
Mali
Mauritania
Australia
India
Equatorial Guinea
Papua New Guinea
Dominican Republic
Haiti
Latvia
Lithuania
Armenia
Azerbaijan
Tuvalu
Vanuatu
Greece
Japan
Colombia
Venezuela
Malaysia
Somalia
Bosnia and Herzegovina
Croatia
 
Answer Stats
Answer % Correct
China
77%
Mexico
46%
Thailand
35%
India
27%
Equatorial Guinea
25%
Uganda
24%
Mali
23%
Lithuania
14%
Dominican Republic
11%
Azerbaijan
9%
Colombia
7%
Croatia
6%
Somalia
6%
Japan
3%
Tuvalu
3%
No matching quizzes found
Score Distribution
Percent of People with Each Score
Percentile by Number Answered
Your Score History
You have not taken this quiz since the last reset